Statystyki dla O kim mowa? Edycja dart

Kliknij tutaj aby rozwiązać quiz!

Ogólne statystyki

  • Ten quiz został rozwiązany 76 razy
  • Średni wynik to 5 z 12

Statystyki odpowiedzi

OpisDarter% Poprawnych
Wszystkie swoje jedyne 9 lotki (w sumie 4) rzucił w 2022 rokuGerwyn Price
80%
Pierwszy Polak, który wystąpił na Mistrzostwach Świata PDCKrzysztof Kciuk
66%
Jeden z czterech zawodników, który wystąpił w każdym World Cup of Darts od początku istnienia. Jako pierwszy rzucił 9 lotkę w formule Grand Prix (double in, double out)Brendan Dolan
57%
Został Pierwszym Mistrzem Świata PDCDennis Priestley
46%
Jest jedynym dwukrotnym Mistrzem Świata Juniorów PDCDimitri van den Bergh
42%
Trzykrotny Mistrz Świata BDO, który dosyć nieoczekiwanie wygrał darterski Premier League w 2020 rokuGlen Durrant
38%
Jako pierwszy w historii rzucił 9 lotkę podczas meczu telewizyjnegoJohn Lowe
37%
Jest najwyżej sklasyfikowanym zawodnikiem bez wygranej w turnieju telewizyjnym (stan na 4.12.2023)Dave Chisnall
29%
Zanim zaczynał grać profesjonalnie w darta był profesjonalnym szczypiornistąFlorian Hempel
23%
Jest jedynym zawodnikiem, który reprezentując BDO wygrał Grand Slam of DartsScott Waites
22%
Dosyć nieoczekiwanie awansował podczas MŚ 2018 do półfinału przegrywając z Philem Taylorem 1:6Jamie Lewis
18%
Został pokonany podczas Mistrzostw Świata PDC przez Krzysztofa Ratajskiego, który wygrał jako pierwszy Polak w historii mecz na MŚ PDCZoran Lerchbacher
15%

Rozkład punktacji

Percentyl według liczby udzielonych odpowiedzi

Procent ludzi z każdym wynikiem

Twoja historia wyników

Nie rozwiązałeś tego quizu